00478 2200169 4500001002100000008004100021035002000062245007700082100002200159260002900181300002700210020002200237084001700259082001000276650001000286990001200296INLIS000000000001447 Ind  a0010-0924000044 aDialog Antar Mazhab IslambKajian Al-Qur'an dan SunnahcAyatullah Sayyid aSayyid, Ayatullah aYogyakartabBusyrac2021 a840 hlm.c15,5 x 23 cm a978-602-3061-20-4 a2x.3.8 AYA d a2x8.3 aAgama a0750982